|
|
|
|
| LEADER |
00960nam a2200241 a 4500 |
| 001 |
13898866 |
| 008 |
111115s2005 ne a b 001 0 eng |
| 010 |
|
|
|a 2005040077
|
| 020 |
|
|
|a 0123116333 (alk. paper)
|
| 040 |
|
|
|a DLC
|c DLC
|d DLC
|d BD-DhAAL
|
| 042 |
|
|
|a pcc
|
| 050 |
0 |
0 |
|a TK5105.59
|b .H357 2005
|
| 082 |
0 |
0 |
|a 005.8
|2 22
|
| 100 |
1 |
|
|a Harrington, Jan L.
|
| 245 |
1 |
0 |
|a Network security :
|b a practical approach /
|c Jan L. Harrington.
|
| 260 |
|
|
|a Amsterdam ;
|a Boston :
|b Elsevier :
|b Morgan Kaufmann Publishers,
|c c2005.
|
| 300 |
|
|
|a xv, 365 p. :
|b ill. ;
|c 24 cm.
|
| 504 |
|
|
|a Includes bibliographical references (p. 344-345) and index.
|
| 541 |
|
|
|e 00015501
|
| 650 |
|
0 |
|a Computer networks
|x Security measures.
|
| 852 |
1 |
|
|a Ayesha Abed Library
|c General shelf.
|
| 999 |
|
|
|c 11394
|d 11394
|
| 952 |
|
|
|0 0
|1 0
|2 ddc
|4 0
|6 005_800000000000000_HAR
|7 0
|9 18529
|a BRACUL
|b BRACUL
|c GEN
|d 2011-11-15
|l 12
|m 101
|o 005.8 HAR
|p 3010015501
|q 2026-06-02
|r 2026-05-17
|s 2026-05-17
|t 1
|w 2011-11-15
|y BK
|